01273nam a2200301 a 4500001001100000003000800011006001900019007001500038008004100053010001700094020004000111040002100151035002000172050002500192082002200217245012100239260003900360300004300399504006600442533015200508651005500660651003900715655002900754700003100783710001700814856012500831999001500956ebr5005001CaPaEBRm u cr cn|||||||||951121s1996 ctuaf sb 001 0 eng  z 95050531  z0275955079 (hardcover : alk. paper) aCaPaEBRcCaPaEBR a(OCoLC)4973093614aDD866.8b.B53 1996eb04a306/.09431/5522000aBerlin in focush[electronic resource] :bcultural transformations in Germany /cedited by Barbara Becker-Cantarino. aWestport, Conn. :bPraeger,c1996. aviii, 204 p., [4] p. of plates :bill. aIncludes bibliographical references (p. [187]-193) and index. aElectronic reproduction.bPalo Alto, Calif. :cebrary,d2013.nAvailable via World Wide Web.nAccess may be limited to ebrary affiliated libraries. 0aBerlin (Germany)xIntellectual lifey20th century. 0aBerlin (Germany)xCultural policy. 7aElectronic books.2local1 aBecker-Cantarino, Barbara.2 aebrary, Inc.40uhttp://site.ebrary.com/lib/rucke/Doc?id=5005001zAn electronic book accessible through the World Wide Web; click to view c1491d1491